00000000nam##2200000za#4500
0019.604128
003CaOODSP
00520210624211421
007cr |||||||||||
008150406|2002||||xxc|||||o    f|0| 0 fre|d
022 |a1701-5421
040 |aCaOODSP|bfre
043 |an-cn---
0861 |aFA1-2002/2-18F-PDF
1101 |aCanada. |bBureau du vérificateur général.
24510|aRapport de la vérificatrice générale du Canada à la Chambre des communes. Chapitre 10, : |h[ressource électronique]|bMinistère de la Justice - les coûts liés à la mise en oeuvre du Programme canadien des armes à feu
260 |aOttawa - Ontario : |bBureau du vérificateur général du Canada
300 |a30p.
4901 |aRapport de la vérificatrice générale du Canada à la Chambre des communes|x1701-5421|vDécembre 2002
500 |aLe n° de catalogue (FA1-2002/2-18F) et l'ISBN (0-662-88026-9) de l'édition imprimée ont été incorrectement copiés dans l'édition électronique.
590 |a12-34-Supp|b2012-07-31
77508|tReport of the Auditor General of Canada to the House of Commons. Chapter 10, : |w(CaOODSP)9.574331
830#0|aRapport de la vérificatrice générale du Canada à la Chambre des communes,|x1701-5421|vDécembre 2002|w(CaOODSP)9.502618
85640|ahttp://publications.gc.ca|qPDF|s367 Ko|uhttps://publications.gc.ca/collections/collection_2012/bvg-oag/FA1-2002-2-18-fra.pdf|yDécembre 2002